000 01181cam a22003377a 4500
003 CHAP
005 20220817041428.0
008 971013s1977 r 00010 d
010 _a14205
011 _a15177
035 _a19252
040 _cCHAP
082 _a333.0972
_bG68 1977
100 0 0 _aGonzález Navarro, Moisés.
_949224
245 1 3 _aLa Confederación Nacional Campesina; un grupo de presión en la reforma agraria mexicana
250 _a2 ed.
260 _aMéxico, D.F. :
_bUNAM. Coordinación de Humanidades,
_c1977
300 _a226 p
590 _aBATCH-UPD
_b10
_c20130110
_lUCH01
_h0952
590 _aBATCH-UPD
_b10
_c20130410
_lUCH01
_h0606
590 _aBATCH-UPD
_b10
_c20130914
_lUCH01
_h0826
590 _aCONVERSION
_b10
_c20130109
_lUCH01
_h1309
650 1 4 _aAgricultura
_xSociedades.
_91797
650 1 4 _aCampesinado
_zMéxico.
650 1 4 _aReforma agraria
_zMéxico.
_995596
650 1 4 _aTierras
_xTenencia
_zMéxico.
_9113215
901 _aBK
942 _cLIBRO
949 _a333.0972 G68 1977
_bBC
_cLIBRO
_d33724000324513
_eLIBRO
_fc.2
_h54336
_i19252
_si
_t90.00
949 _a333.0972 G68 1977
_bBC
_cLIBRO
_d33724000579348
_eLIBRO
_h54335
_i19252
_sb
_t90.00
999 _c14205
_d14205